[Event "Galicia-ch U14"]
[Site "Padron"]
[Date "2023.02.19"]
[Round "3"]
[White "Diz Lorono, Irene"]
[Black "Diniz Lopez, Sergio"]
[Result "0-1"]
[WhiteElo "1415"]
[BlackElo "1660"]
[PlyCount "68"]
[EventDate "2023.02.18"]
[EventType "swiss"]
[EventRounds "8"]
[EventCountry "ESP"]
[SourceTitle "EXT 2024"]
[Source "ChessBase"]
[SourceDate "2023.10.10"]
[SourceVersion "1"]
[SourceVersionDate "2023.10.10"]
[SourceQuality "1"]

1. e4 c5 2. Nf3 d6 3. d4 cxd4 4. Nxd4 Nf6 5. Nc3 g6 6. Be3 Bg7 7. Qd2 Ng4 8. Bg5 a6 9. f3 Nf6 10. 0-0-0 b5 11. Bh6 0-0 12. Kb1 Bb7 13. g4 b4 14. Nce2 a5 15. h4 d5 16. Bxg7 Kxg7 17. g5 Nh5 18. f4 Na6 19. f5 dxe4 20. fxg6 hxg6 21. Qe3 Qc7 22. Bg2 Nc5 23. Nb5 Qe5 24. Rd2 Rac8 25. Bh3 Ne6 26. Nbd4 Rce8 27. Nxe6+ fxe6 28. Nd4 Bd5 29. Rf1 Rxf1+ 30. Bxf1 Rf8 31. Rf2 Rxf2 32. Qxf2 e3 33. Nf3 Qf4 34. Qh2 Bxf3 0-1

[Event "Santiago de Compostela Bicapawn GP Rap"]
[Site "Santiago de Compostela"]
[Date "2022.10.22"]
[Round "1"]
[White "Vasquez Schroder, Rodrigo Rafael"]
[Black "Diniz Lopez, Sergio"]
[Result "1-0"]
[WhiteElo "2520"]
[BlackElo "1667"]
[PlyCount "71"]
[EventDate "2022.10.22"]
[EventType "swiss (rapid)"]
[EventRounds "9"]
[EventCountry "ESP"]
[SourceTitle "CBM 210 Extra"]
[Source "ChessBase"]
[SourceDate "2022.11.30"]
[SourceVersion "1"]
[SourceVersionDate "2022.11.30"]
[SourceQuality "1"]

1. e4 c5 2. Nf3 d6 3. d4 cxd4 4. Nxd4 Nf6 5. Nc3 a6 6. Bg5 Nbd7 7. Bc4 g6 8. Qd2 Bg7 9. Bh6 0-0 10. Bxg7 Kxg7 11. 0-0-0 b5 12. Bd5 Rb8 13. Nc6 Qc7 14. Nxb8 Nxb8 15. f3 Bd7 16. g4 b4 17. Ne2 Qa5 18. Bb3 Be6 19. Kb1 Rc8 20. h4 h5 21. gxh5 Nxh5 22. Bxe6 fxe6 23. Nd4 Qe5 24. Rhg1 Nd7 25. Rg5 Qf6 26. Rdg1 Nf8 27. Rxh5 Kf7 28. Rhg5 e5 29. Nf5 gxf5 30. Rxf5 Ke8 31. Rxf6 exf6 32. Qxd6 Rd8 33. Qxf6 Rd7 34. b3 a5 35. Qxe5+ Kf7 36. Rg7# 1-0

[Event "Pontevedra op-B 10th"]
[Site "Pontevedra"]
[Date "2022.07.27"]
[Round "5.12"]
[White "Diniz Lopez, Sergio"]
[Black "Perez Solanas, Hugo"]
[Result "1-0"]
[WhiteElo "1652"]
[BlackElo "1166"]
[PlyCount "49"]
[EventDate "2022.07.24"]
[EventType "swiss"]
[EventRounds "9"]
[EventCountry "ESP"]
[SourceTitle "EXT 2023"]
[Source "ChessBase"]
[SourceDate "2022.10.05"]
[SourceVersion "1"]
[SourceVersionDate "2022.10.05"]
[SourceQuality "1"]

1. d4 d5 2. Nf3 Nf6 3. c4 e6 4. Bg5 h6 5. Bh4 Be7 6. Nc3 0-0 7. e3 b6 8. Be2 Bb7 9. h3 Nbd7 10. 0-0 c5 11. b3 Rc8 12. Rc1 Ne4 13. Bxe7 Qxe7 14. dxc5 Nxc3 15. Rxc3 Nxc5 16. cxd5 exd5 17. Nd4 Ne4 18. Rc1 Rfd8 19. Qd3 Nc5 20. Qf5 Rc7 21. Rfd1 a6 22. Qf4 Rdc8 23. Bg4 Ne6 24. Rxc7 Nxf4 25. Rxe7 1-0

[Event "ESP-ch U12 Rapid"]
[Site "Salobrena"]
[Date "2022.07.17"]
[Round "8"]
[White "Diniz Lopez, Sergio"]
[Black "Perea Fruet, Federico"]
[Result "1-0"]
[WhiteElo "1583"]
[BlackElo "1398"]
[PlyCount "103"]
[EventDate "2022.07.09"]
[EventType "swiss (rapid)"]
[EventRounds "9"]
[EventCountry "ESP"]
[SourceTitle "EXT 2023"]
[Source "ChessBase"]
[SourceDate "2022.10.05"]
[SourceVersion "1"]
[SourceVersionDate "2022.10.05"]
[SourceQuality "1"]

1. d4 d5 2. Nf3 e6 3. e3 Nf6 4. Nbd2 c5 5. c3 Nc6 6. Bd3 Bd6 7. 0-0 0-0 8. dxc5 Bxc5 9. e4 dxe4 10. Nxe4 Nxe4 11. Bxe4 f5 12. Bxc6 bxc6 13. Bf4 h6 14. b4 Bb6 15. Bd6 Re8 16. c4 Bc7 17. c5 Bxd6 18. cxd6 e5 19. Rc1 Bd7 20. Re1 e4 21. Nd4 Qb6 22. Qb3+ Kh8 23. Rc5 Rad8 24. Rd1 Rf8 25. a3 Rf6 26. Qg3 f4 27. Qh4 a5 28. Nc2 axb4 29. axb4 Be6 30. g3 fxg3 31. hxg3 Bd5 32. Ne3 Rdxd6 33. Nxd5 cxd5 34. Rd4 Rf3 35. g4 Kh7 36. Rcxd5 Rxd5 37. Rxd5 Qxb4 38. g5 Rf7 39. g6+ Kxg6 40. Qh5+ Kf6 41. Rf5+ Ke6 42. Qxf7+ Kd6 43. Qf8+ Ke6 44. Qxb4 Kxf5 45. Qc5+ Kf4 46. Qe3+ Kf5 47. Kg2 g5 48. f3 exf3+ 49. Qxf3+ Kg6 50. Qe4+ Kh5 51. Kg3 g4 52. Qxg4# 1-0

[Event "ESP-ch U12"]
[Site "Salobrena"]
[Date "2022.07.14"]
[Round "6"]
[White "Herman Gamazo, Isaac"]
[Black "Diniz Lopez, Sergio"]
[Result "1-0"]
[WhiteElo "1826"]
[BlackElo "1652"]
[PlyCount "59"]
[EventDate "2022.07.04"]
[EventType "swiss"]
[EventRounds "9"]
[EventCountry "ESP"]
[SourceTitle "EXT 2023"]
[Source "ChessBase"]
[SourceDate "2022.10.05"]
[SourceVersion "1"]
[SourceVersionDate "2022.10.05"]
[SourceQuality "1"]

1. e4 e6 2. d3 d5 3. Qe2 dxe4 4. dxe4 Nf6 5. Nf3 Nc6 6. Bg5 h6 7. Bh4 e5 8. Nbd2 Bg4 9. c3 a6 10. h3 Bh5 11. 0-0-0 Qd7 12. Nb3 Qe6 13. Qe3 g5 14. Bg3 Bg6 15. Bd3 Nd7 16. Rhe1 0-0-0 17. Qe2 Nb6 18. Bxa6 Rxd1+ 19. Rxd1 bxa6 20. Qxa6+ Kb8 21. Nxe5 Nxe5 22. Na5 Bxe4 23. Bxe5 Rg8 24. Rd8+ Nc8 25. Qb5+ Ka7 26. Bxc7 Rh8 27. Qb8+ Ka6 28. b4 Bxb4 29. cxb4 Bc6 30. b5+ 1-0

[Event "ESP-ch U12"]
[Site "Salobrena"]
[Date "2022.07.11"]
[Round "1"]
[White "Diniz Lopez, Sergio"]
[Black "Serra Villafranca, Felix"]
[Result "1-0"]
[WhiteElo "1652"]
[BlackElo "1208"]
[PlyCount "121"]
[EventDate "2022.07.04"]
[EventType "swiss"]
[EventRounds "9"]
[EventCountry "ESP"]
[SourceTitle "EXT 2023"]
[Source "ChessBase"]
[SourceDate "2022.10.05"]
[SourceVersion "1"]
[SourceVersionDate "2022.10.05"]
[SourceQuality "1"]

1. d4 c5 2. e3 Nf6 3. c3 e6 4. Nd2 d5 5. Bd3 Nc6 6. Ngf3 Bd6 7. 0-0 Qc7 8. dxc5 Bxc5 9. e4 0-0 10. Qe2 Ne5 11. Nxe5 Qxe5 12. Nf3 Qh5 13. e5 Nd7 14. Bf4 f5 15. c4 Nb6 16. Rac1 Bd7 17. Bd2 Rac8 18. b4 dxc4 19. bxc5 cxd3 20. Qxd3 Nd5 21. Nd4 Qg6 22. Qa3 a6 23. Rb1 Rb8 24. Rfc1 Rfc8 25. c6 Bxc6 26. Nxc6 bxc6 27. Qxa6 Ne7 28. a4 Qe8 29. a5 Ra8 30. Qc4 Qd7 31. Bb4 Nd5 32. Ra1 Qb7 33. Bd6 Qa6 34. Qd4 Ra7 35. Qc5 Nf4 36. Rcb1 Rb7 37. Rxb7 Qxb7 38. Qb6 Qa8 39. a6 c5 40. Qb7 c4 41. g3 Nd3 42. Ra3 f4 43. Rc3 Nb2 44. gxf4 Na4 45. Rxc4 Nb6 46. Rxc8+ Qxc8 47. Qxc8+ Nxc8 48. Bc5 Kf7 49. a7 Nxa7 50. Bxa7 Kg6 51. Kg2 Kf5 52. Be3 h5 53. Kf3 g6 54. h4 g5 55. fxg5 Kg6 56. Ke4 Kf7 57. f4 Kg6 58. Bd2 Kf7 59. f5 exf5+ 60. Kxf5 Kg7 61. Ke4 1-0

[Event "Galicia-ch U12"]
[Site "Galicia"]
[Date "2022.04.11"]
[Round "7"]
[White "Diniz Lopez, Sergio"]
[Black "Amado Fernandez, Nicolas"]
[Result "1-0"]
[WhiteElo "1543"]
[BlackElo "1362"]
[PlyCount "95"]
[EventDate "2022.04.09"]
[EventType "swiss"]
[EventRounds "8"]
[EventCountry "ESP"]
[SourceTitle "EXT 2023"]
[Source "ChessBase"]
[SourceDate "2022.10.05"]
[SourceVersion "1"]
[SourceVersionDate "2022.10.05"]
[SourceQuality "1"]

1. d4 Nf6 2. Bg5 e6 3. Nf3 d5 4. e3 Be7 5. Nbd2 Nbd7 6. Bd3 c5 7. c3 b6 8. 0-0 0-0 9. Qb1 h6 10. Bh4 Bb7 11. Rd1 Qc7 12. Bc2 Rfe8 13. Bg3 Bd6 14. Bxd6 Qxd6 15. e4 dxe4 16. Nxe4 Nxe4 17. Bxe4 Bxe4 18. Qxe4 Nf6 19. Qe5 Qxe5 20. Nxe5 cxd4 21. Rxd4 Red8 22. Rad1 Rd5 23. Nc6 Kf8 24. f3 Rc8 25. Nxa7 Ra8 26. Rxd5 Nxd5 27. Nb5 Rxa2 28. Rd2 Ra5 29. c4 Ke7 30. Nd4 Nb4 31. Kf2 Ra2 32. Ke3 g6 33. Nb5 Kf6 34. Kd4 Nc6+ 35. Kc3 Ra8 36. Rd6 Rc8 37. Nd4 Ne7 38. Kb4 Rb8 39. Rd7 Ra8 40. Kb5 Nc8 41. b4 e5 42. Nc6 Ke6 43. Rd5 Nd6+ 44. Kxb6 Nxc4+ 45. Kc5 Rc8 46. b5 Na5 47. Rxe5+ Kf6 48. f4 1-0

[Event "Galicia-ch U14"]
[Site "Padron"]
[Date "2020.02.24"]
[Round "5"]
[White "Suarez Gomez, Paula"]
[Black "Diniz Lopez, Sergio"]
[Result "1-0"]
[WhiteElo "1700"]
[BlackElo "1453"]
[PlyCount "65"]
[EventDate "2020.02.22"]
[EventType "swiss"]
[EventRounds "8"]
[EventCountry "ESP"]
[SourceTitle "EXT 2023"]
[Source "ChessBase"]
[SourceDate "2022.10.05"]
[SourceVersion "1"]
[SourceVersionDate "2022.10.05"]
[SourceQuality "1"]

1. e4 c6 2. d4 d5 3. Nc3 dxe4 4. Nxe4 Bf5 5. Ng3 Bg6 6. Nh3 h6 7. Bc4 e6 8. c3 Nf6 9. Nf4 Bh7 10. 0-0 Be7 11. Re1 0-0 12. Qb3 b5 13. Bxe6 fxe6 14. Nxe6 Qd5 15. Nc7 Qxb3 16. axb3 Bd6 17. Nxa8 Nbd7 18. Rxa7 Bb8 19. Ra6 Nd5 20. Bd2 Bc2 21. c4 bxc4 22. bxc4 Bd3 23. Rxc6 Bxg3 24. hxg3 N5f6 25. Nb6 Nxb6 26. Rxb6 Bxc4 27. Bb4 Rd8 28. Be7 Re8 29. Rc1 Nd5 30. Rb7 Ba6 31. Ra7 Rxe7 32. Rxa6 Nb4 33. Rb6 1-0

[Event "Padron Pre-Mundial U08"]
[Site "Padron"]
[Date "2018.09.08"]
[Round "8"]
[White "Diniz Lopez, Sergio"]
[Black "Jurca Szabo, Gerard"]
[Result "1-0"]
[WhiteElo "1155"]
[BlackElo "1100"]
[PlyCount "85"]
[EventDate "2018.09.05"]
[EventType "swiss"]
[EventRounds "9"]
[EventCountry "ESP"]
[SourceTitle "EXT 2024"]
[Source "ChessBase"]
[SourceDate "2023.10.10"]
[SourceVersion "1"]
[SourceVersionDate "2023.10.10"]
[SourceQuality "1"]

1. Nf3 Nf6 2. d4 g6 3. e3 Bg7 4. Bc4 0-0 5. 0-0 d6 6. h3 Nbd7 7. Ng5 e5 8. Be6 fxe6 9. Nxe6 Qe7 10. Nxf8 Qxf8 11. Qe2 Ne4 12. Qc4+ Kh8 13. f3 Ng3 14. Rf2 c5 15. d5 Nb6 16. Qd3 c4 17. Qd1 Qf7 18. e4 Qe7 19. Nc3 Bf6 20. Bh6 Bg5 21. Bxg5 Qxg5 22. Nb5 Bd7 23. Nxd6 Rf8 24. Nxb7 Nh5 25. g4 Ng3 26. Rg2 Qh4 27. Nc5 Bc8 28. a4 a5 29. Ne6 Bxe6 30. dxe6 Qxh3 31. Rh2 Ne2+ 32. Qxe2 Qg3+ 33. Qg2 Qf4 34. Qh3 Qe3+ 35. Kh1 Qxf3+ 36. Qxf3 Rxf3 37. e7 Kg7 38. e8Q Rf8 39. Rxh7+ Kxh7 40. Qxf8 g5 41. Rf1 Nd7 42. Rf7+ Kg6 43. Qg7# 1-0